What is the language of these sentences? - Statistics

General Stats
  • This quiz has been taken 134 times
  • The average score is 12 of 15
Answer Stats
Hint Answer % Correct
Hello. How are you. English
99%
مرحبًا. كيف حالك Arabic
97%
Hola. Cómo estás Spanish
97%
Привет. Как дела Russian
96%
안녕하세요. 어떻게 지내세요 Korean
94%
Hallo. Wie geht's German
89%
你好。你好嗎 Mandarin
87%
Olá. Como vai Portuguese
86%
Xin chào. Bạn có khỏe không Vietnamese
81%
Hallo. Hoe is het Dutch
77%
Halló. Hvernig hefurðu það Icelandic
77%
Cześć. Jak się masz Polish
72%
Helló. Hogy vagy Hungarian
67%
Hallo. Hvordan har du det Norwegian
51%
Hallo. Hoe gaan dit Afrikaans
46%
No matching quizzes found
Score Distribution
Percent of People with Each Score
Percentile by Number Answered
Your Score History
You have not taken this quiz